Les 10 pays africains avec le IDH le plus élevés - Statistiques

Statistiques générales
  • Ce quiz a été pris 174 fois
  • Le résultat moyen est 7 sur 10
Statistiques - réponses
IDH Population (millions) Pays % Correct
0,666 55,9 M Afrique du Sud
97%
0,745 40,4 M Algérie
97%
0,725 11,3 M Tunisie
94%
0,691 92,7 M Egypte
92%
0,781 1,26 M Maurice
61%
0,782 0,946 M Seychelles
61%
0,648 0,531 M Cap-Vert
60%
0,716 6,39 M Libye
56%
0,697 1,81 M Gabon
52%
0,698 2,23 M Botswana
46%
Aucun quiz correspondant
Distribution des résultats
% des personnes avec chaque résultat
Percentile par nombre de réponses
Votre historique - résultats
Vous n’avez pas pris ce quiz